Vetiver Grass Hedgerows (Record no. 544874)
[ view plain ]
| 000 -LEADER | |
|---|---|
| fixed length control field | 00385nam a22001337a 4500 |
| 082 ## - DEWEY DECIMAL CLASSIFICATION NUMBER | |
| Classification number | 584.9 |
| Author Mark | VET |
| 100 ## - MAIN ENTRY--PERSONAL NAME | |
| Personal name | The World Bank |
| 9 (RLIN) | 19583 |
| 245 ## - TITLE STATEMENT | |
| Title | Vetiver Grass Hedgerows |
| Statement of responsibility, etc. | The World Bank |
| 260 ## - PUBLICATION, DISTRIBUTION, ETC. | |
| Place of publication, distribution, etc. | UK : |
| Name of publisher, distributor, etc. | Inernational COnference on Vegetation and Slopes, |
| Date of publication, distribution, etc. | 1994. |
| 300 ## - PHYSICAL DESCRIPTION | |
| Other physical details | ill,; |
| Dimensions | 30 cm. |
| 526 ## - STUDY PROGRAM INFORMATION NOTE | |
| Program name | 0 |
| Interest level | 0 |
| Reading level | 0 |
| Title point value | 584_900000000000000_VET |
| 650 ## - SUBJECT ADDED ENTRY--TOPICAL TERM | |
| Topical term or geographic name entry element | MCE |
| 9 (RLIN) | 379 |
| 942 ## - ADDED ENTRY ELEMENTS (KOHA) | |
| Source of classification or shelving scheme | |
| Koha item type | Book |
| Withdrawn status | Lost status | Source of classification or shelving scheme | Damaged status | Not for loan | Permanent Location | Current Location | Date acquired | Total Checkouts | Full call number | Barcode | Date last seen | Date last checked out | Price effective from | Koha item type |
|---|---|---|---|---|---|---|---|---|---|---|---|---|---|---|
| Military College of Engineering (MCE) | Military College of Engineering (MCE) | 05/13/2014 | 1 | 584.9 VET | MCE-42691 | 05/14/2014 | 05/14/2014 | 05/13/2014 | Book |
